Pokémon - Equipes des champions 8G - Statistiques

Statistiques générales
  • Ce quiz a été pris 314 fois
  • Le résultat moyen est 47 sur 90
Statistiques - réponses
Champion Version Pokémon % Correct
E/B Blancoton
94%
E/B Torgamord
90%
Percy E/B Tournicoton
88%
E/B Scolocendre
83%
B Ectoplasma
81%
E/B Duralugon
80%
E/B Ixon
80%
E/B Dracaufeu
78%
E Mackogneur
78%
E/B Moumouflon
78%
Nabil (Winscor) E/B Pyrobut
77%
Tarak E/B Pyrobut
77%
E/B Lezargus
76%
E/B Lezargus
76%
E/B Gorythmic
75%
E/B Gorythmic
75%
E Monthracite
73%
Lona B Beldeneige
72%
E/B Charmilly
72%
E/B Lanssorien
72%
E/B Libégon
72%
E/B Sorcilence
72%
E/B Angoliath
71%
E/B Galopa
69%
Kabu E/B Feunard
67%
E/B Morpeko
67%
E/B Embrochet
66%
E/B Dunaconda
64%
E/B Hastacuda
63%
E Dolman
62%
B Lokhlass
62%
E/B Corvaillus
61%
E/B Arcanin
60%
B Bekaglaçon
60%
B Dratatin
59%
E/B Exagide
59%
Lona (Winscor) B M. Glaquette
59%
E/B M. Glaquette
59%
E Pomdrapi
58%
B Corayôme
57%
E Palarticho
57%
Kabu (Winscor) E/B Chartor
54%
Roy (Winscor) E/B Chartor
54%
B Tutétékri
53%
Peterson E/B Baggaïd
52%
E/B Baggaïd
52%
E Krakos
51%
B Darumacho
49%
E Hexadron
48%
Peterson (Winscor) E/B Salarsen
47%
Roy E/B Gigalithe
46%
Alistair (Winscor) B Polthégeist
46%
E/B Wattapik
46%
E/B Gardevoir
43%
E/B Moufflair
41%
Donna E/B Poissirène
41%
E/B Tranchodon
41%
Sally E/B Smogogo
40%
Rosemary (Winscor) E/B Léopardus
38%
E/B Mysdibule
38%
Travis (Winscor) E/B Mysdibule
37%
B Mimiqui
36%
E/B Ronflex
36%
E/B Crapustule
35%
E/B Poissoroy
35%
E Tengalice
35%
Alistair B Tutafeh
35%
E/B Bekipan
34%
B Ludicolo
34%
E/B Rhinastoc
34%
E/B Coatox
33%
Faïza E Kapoera
33%
B Noctunoir
33%
Chza (Winscor) E Tyranocif
33%
E/B Nymphali
31%
Faïza (Winscor) E Brutalibré
30%
E/B Muplodocus
29%
B Lugulabre
28%
E/B Boumata
27%
Chaz E Golgopathe
27%
E Caratroc
26%
E/B Togekiss
26%
E Pandarbare
25%
Donna (Winscor) E/B Sarmurai
25%
E/B Sépiatroce
23%
Percy (Winscor) E/B Ceriflor
22%
E/B Joliflor
21%
E/B Malamandre
18%
E/B Maraiste
18%
E/B Prédastérie
15%
Aucun quiz correspondant
Distribution des résultats
% des personnes avec chaque résultat
Percentile par nombre de réponses
Votre historique - résultats
Vous n’avez pas pris ce quiz